| 000 | 00000nas 2200000za 4500 |
| 001 | 9.821827 |
| 003 | CaOODSP |
| 005 | 20240213112804 |
| 007 | cr ||||||||||| |
| 008 | 160729c1999 onck| m o f0###a0fre|d |
| 040 | |aCaOODSP|bfre |
| 043 | |an-cn--- |
| 086 | 1 |aRv48-3F-PDF |
| 130 | 0 |aCirculaire d'information en matière d'impôt sur le revenu. |
| 245 | 00|aCirculaire d'information en matière d'impôt sur le revenu |h[ressource électronique] / |cAgence du revenu du Canada. |
| 247 | 10|aCirculaire d'information - Ministère du revenu national, Impôt |
| 260 | |a[Ottawa] : |bAgence du revenu du Canada, |c[1999]- |
| 300 | |av. |
| 310 | |aIrrégulier |
| 500 | |aCertaines livr. ne comportent pas la titre du coll. |
| 500 | |aCes circulaires d'information sont continuellement révisées, annulant et remplaçant les circulaires précédentes. La numérotation des séries reflète les mises à jour, avec un numéro de révision séquentielle après la désignation de la série originale. |
| 500 | |aPublié aussi en anglais sous le titre : Income tax information circular. |
| 547 | |aVersion en ligne, continue l'édition imprimée, publiée entre 1970-1998 sous le titre : Circulaire d'information - Ministère du revenu national, Impôt, ISSN 0704-2949. |
| 550 | |aPubl. par le dép. sous son nom antérieur : Agence des douanes et du revenu du Canada, 1999-2003. |
| 692 | 07|2gccst|aImpôt |
| 692 | 07|2gccst|aImpôt sur le revenu |
| 710 | 1 |aCanada. |bAgence des douanes et du revenu du Canada. |
| 710 | 2 |aAgence du revenu du Canada. |
| 775 | 08|tIncome tax information circular |w(CaOODSP)9.821798 |